000 00815nam a2200181Ia 4500
008 100917s9999 xx 000 0 und d
082 _b19084
100 _aदेसाई कृष्णराव जीवणराव
245 _aश्री आद्य शंकराचार्य यांचे चरित्र किर्तन रूपानें
260 _b---
_c1909
300 _a39
365 _b0.25
520 _aचरित्र
630 _aश्री आद्य शंकराचार्य यांचे चरित्र किर्तन रूपानें
650 _aचरित्र
730 _aश्री आद्य शंकराचार्य यांचे चरित्र किर्तन रूपानें
942 _cBOOK
999 _c624478
_d624475